000 00310nam a2200133Ia 4500
005 20260326100035.0
008 260326s9999||||xx |||||||||||||| ||und||
100 _aCrozet, René
245 0 _aEl Arte Románico /
_cRené Crozet
260 _bPlaza & Janés
300 _a158 p.
650 _aARTE
942 _cBK
999 _c6750
_d6750